000 00360nam a22001337a 4500
008 171002b xxu||||| |||| 00| 0 eng d
020 _a9780130486226
041 _aeng
080 _a37
100 _a47
101 _aEDU
245 _aDEVELOPING FAMILY AND COMMUNITY INVOLVEMENT SKILLS THROUGH CASE STUDIES AND FIELD EXPERIENCES
_cDISS,R.E
942 _2udc
_cBK
999 _c31063
_d31063